"Gods & Monsters" - All Lyrics (Lana Del Rey) - Statistics

General Stats
  • This quiz has been taken 42 times
  • The average score is 257 of 289
Answer Stats
Lyrics % Correct
a
100%
an
100%
and
100%
"Baby,
100%
baby?
100%
give
100%
God,
100%
gods
100%
God's
100%
I
100%
In
100%
in
100%
it
100%
like
100%
Like
100%
me
100%
Me
100%
me,
100%
me"
100%
monsters,
100%
of
100%
that
100%
the
100%
to
100%
want"
100%
When
100%
You
100%
you
100%
angel
96%
be
96%
can
96%
"Fuck
96%
fucked
96%
get
96%
I'm
96%
It's
96%
it's
96%
LA,
96%
LA
96%
land
96%
Life
96%
life
96%
living
96%
Morrison
96%
need
96%
sing
96%
this
96%
up,
96%
up
96%
was
96%
what
96%
your
96%
art
92%
do
92%
don't
92%
evil
92%
garden
92%
got
92%
holiday
92%
imitates
92%
innocence
92%
Jim
92%
little
92%
on
92%
real
92%
truly
92%
along,
88%
'Cause
88%
crazy
88%
groupie
88%
hard
88%
If
88%
is
88%
looking
88%
lost,
88%
lost
88%
movie
88%
prettier,
88%
said,
88%
singer
88%
so
88%
we
88%
yeah,
88%
alright
84%
Heaven,
84%
makin'
84%
medicine
84%
my
84%
No
84%
one's
84%
that's
84%
with
84%
you're
84%
away
80%
gonna
80%
needed
80%
now
80%
Screwed
80%
soul
80%
take
80%
doing
76%
for
76%
good
76%
isn't
76%
know
76%
really
76%
scared,
76%
singing,
76%
talk,
76%
what's
76%
anything
72%
as
72%
posing
72%
slowly
72%
tell
72%
dead,
68%
heart,
68%
incognito
68%
straight
68%
wanna
68%
hands
64%
Headed
64%
love,
64%
Put
64%
towards
64%
beacon
60%
Fame,
60%
fiery
60%
liquor,
60%
shoot
60%
Motel
56%
please
56%
Shining
56%
softly
56%
waist,
56%
Dope,
52%
sprees,
48%
No matching quizzes found
Score Distribution
Percent of People with Each Score
Percentile by Number Answered
Your Score History
You have not taken this quiz